=LDR 00000nam 2200000 4500 =001 INLIS000000000025770 =005 20130612124244 =008 ***********************************Ind** =035 ##$$0010-061300000025770 =041 ##$$a Ind =082 ##$$a 581.2 =090 ##$$a 581.2, Sas s =100 ##$$a Sastrahidayat, Ika Rochjatun =245 ##$$a Seri Umum, Ilmu penyakit tumbuhan, Ika Richjatun Sastrahidayat =260 ##$$a 1989 $b Surabaya =300 ##$$a ix, 366 hlm, ilus, 22 cm =650 ##$$a Ilmu - Tumbuhan =850 ##$$a NBPNMAT